| 000 | nam a22 a 4500 | ||
|---|---|---|---|
| 999 |
_c425388 _d425388 |
||
| 003 | BLK | ||
| 005 | 20210727104051.0 | ||
| 008 | 210727b bu |||||||||| 00| | bu d | ||
| 040 | _aBLK | ||
| 041 |
_aRUS _cRUS |
||
| 080 |
_aРуска литература _b821.161.1 _x(081.1) _z821.161.1(081.1) |
||
| 100 |
_9365685 _aТургенев, Иван Сергеевич _eпърви автор |
||
| 139 | _aТургенев, Иван Сергеевич | ||
| 245 |
_aПолное собрание сочинений И. С. Тургенева _bВ 12 т. _cИ. С. Тургенев _nТ. 6 |
||
| 257 | _aRUS | ||
| 260 |
_9213438 _aСанкт-Петербург _bА. Ф. Маркс _c1898 |
||
| 300 |
_a342 с. _c20 см |
||
| 380 | _aX | ||
| 490 |
_9435080 _aКолекция Редки и ценни издания |
||
| 500 | _aПрил. к журн. "Нива" на 1898 г.. | ||
| 852 |
_aРр 898 _bРц |
||
| 942 |
_cKNG _n0 _s1 |
||
| 944 |
_aCR _c2021-07-27 _kВП |
||